00433nam a22001457a 4500008004100000040005500041080001700096100001800113245006000131260004000191300001700231650001600248653001000264700001300274230511b |||||||| |||| 00| 0 eng d aNational Science LibrarycNational Science Library a915(54) bJ4 aSpate, O H K  aIndia and Pakistan: bA general and regional geography  aLondon: bMethuen & Co. Ltd, c1954 axxxvi, 827p. aGeography.  aLand  aClimate